| 000 | 00331pab a2200121 454500 | ||
|---|---|---|---|
| 008 | 180718b xxu||||| |||| 00| 0 eng d | ||
| 100 | _aNarayanan K.R. | ||
| 245 | _aPreserving forest wealth in Third World | ||
| 362 | _a31(44) 11 Sept 93, p.7-8,11 | ||
| 650 | _aForests -- Developing Countries | ||
| 773 | _aMainstream | ||
| 909 | _a24879 | ||
| 999 |
_c24879 _d24879 |
||